02683nam a2200325 4500001000800000005001700008007000300025008004100028040000800069041000800077100005500085245013500140246010700275300002000382520072700402520070501129650004501834650003501879650004001914650003201954650003801986650002702024650003102051650003202082650002702114650003502141773013302176942003102309999001702340ESSALUD20260703123717.0ta t pe ||||| |||| 00| 0 spa d aBMG aspa aValderrama Valderrama, Luis Ricardo eAutor949171 aLa participación de los trabajadores en las utilidades de la empresa.bMarco normativo y criterios para su correcta aplicación aEmployees' part icipation in company profits.bLegal framework and criteria far its proper application apáginas 72-86 aEl artículo analiza el régimen jurídico de la participación de los trabajadores en las utilidades de las empresas en el Perú, abordando su marco normativo, ámbito de aplicación y criterios para su correcta distribución. Se examinan las condiciones que determinan la obligación empresarial de repartir utilidades, los trabajadores beneficiarios y los métodos de cálculo basados en los días efectivamente laborados y las remuneraciones percibidas. Asimismo, se revisan los plazos de pago, el tratamiento del remanente y las consecuencias del incumplimiento. El estudio busca orientar a empleadores y trabajadores para evitar contingencias derivadas de errores en el cálculo o en el pago oportuno.  aThe article analyzes the legal framework governing employee’s' participation in company profits in Peru, addressing its regulatory basis, scape of application, and the criteria for its proper distribution. It examines the conditions that determine the employer's obligation to distribute profits, the workers entitled to this benefit, and the calculation methods based on days actually worked and the remuneration received. lt also reviews payment deadlines, the treatment of the remaining balance, and the consequences of non-compliance. The study aims to guide employers and workers in order to prevent contingencies arising from errors in the calculation or the timely payment of this benefit.  aPARTICIPACIÓN EN LAS UTILIDADES953274 aDERECHO LABORAL PERUANO953275 aDISTRIBUCIÓN DE UTILIDADES953276 aBENEFICIOS LABORALES953277 aREMUNERACIÓN COMPUTABLE 953278 aPROFIT SHARING 953279 aPERUVIAN LABOR LAW 953280 aPROFIT DISTRIBUTION 953281 aLABOR BENEFITS 953282 aCOMPUTABLE REMUNERATIAN9532830 022614922626dLima Grupo Praxis Formación Profesional, 2026-oPRALAB002tPraxis Laboral & Procesal LaboralwESSALUDx3119-768X cARTICULOSe2026-07-02zSQB c22640d22640